000 00486nam a22001697a 4500
003 OSt
005 20120302144137.0
008 090303t xxu||||| |||| 00| 0 eng d
035 _a७०८
040 _cमराठी
100 _aवरेरकर, भा. वि.
_91448
245 _aवेणू वेलणकर
250 _a२ री
260 _aमुंबई
_bमहारष्ट्र
_c१९३७
300 _b१४४ पाने
942 _2ddc
_cBOOK
999 _c486638
_d486635